[Event "POL-chT U26 rapid"]
[Site "Hucisko"]
[Date "2016.01.17"]
[Round "9.16"]
[White "Skawinski, Marcin"]
[Black "Goluch, Piotr"]
[Result "0-1"]
[WhiteElo "1611"]
[BlackElo "2308"]
[PlyCount "88"]
[EventDate "2016.01.16"]
[EventType "team-swiss (rapid)"]
[EventRounds "9"]
[EventCountry "POL"]
[SourceTitle "CBM 170 Extra"]
[Source "ChessBase"]
[SourceDate "2016.02.25"]
[SourceVersion "1"]
[SourceVersionDate "2016.02.25"]
[SourceQuality "1"]
[WhiteTeam "Warsaw SGGW"]
[BlackTeam "Wroclaw PWr"]
[WhiteTeamCountry "POL"]
[BlackTeamCountry "POL"]

1. e4 c6 2. d4 d5 3. exd5 cxd5 4. Nf3 Nc6 5. c3 Bg4 6. Be2 Qc7 7. 0-0 e6 8. Bg5 Bd6 9. h3 Bh5 10. Nbd2 f6 11. Be3 Bf7 12. c4 Nge7 13. c5 Bf4 14. a3 a5 15. b3 0-0 16. Re1 Nf5 17. Nf1 Nxe3 18. fxe3 Bh6 19. Qc2 e5 20. Bb5 e4 21. N3h2 f5 22. Bxc6 Qxc6 23. Qf2 Be6 24. g3 f4 25. gxf4 Bxh3 26. Qh4 Qd7 27. Ng3 Ra6 28. Kh1 Rg6 29. Rg1 Bg4 30. Nh5 Bf3+ 31. Nxf3 exf3 32. Raf1 Rxg1+ 33. Kxg1 Qf5 34. Rxf3 g5 35. Qg3 Kh8 36. Qf2 g4 37. Ng3 Qb1+ 38. Qf1 Qxb3 39. Rf2 Qxe3 40. Kg2 Bxf4 41. Rxf4 Rxf4 42. Qe2 Qxe2+ 43. Nxe2 Re4 44. Kf2 Rxe2+ 0-1

[Event "Polanica Zdroj op-C 41st "]
[Site "Polanica Zdroj"]
[Date "2005.08.27"]
[Round "9"]
[White "Skawinski, Marcin"]
[Black "Dawidczyk, Alina"]
[Result "0-1"]
[WhiteElo "1800"]
[BlackElo "1800"]
[PlyCount "102"]
[EventDate "2005.08.19"]
[EventType "swiss"]
[EventRounds "9"]
[EventCountry "POL"]
[SourceTitle "EXT 2007"]
[Source "ChessBase"]
[SourceDate "2006.11.23"]
[SourceVersion "1"]
[SourceVersionDate "2006.11.23"]
[SourceQuality "1"]

1. e4 c5 2. Nf3 e6 3. d4 cxd4 4. Nxd4 Nf6 5. Nc3 d6 6. Be3 a6 7. Be2 b5 8. a3 Bb7 9. f3 Be7 10. 0-0 Nbd7 11. Nb3 0-0 12. Qd2 Ne5 13. Nd4 Rc8 14. Rac1 Nfd7 15. f4 Nc4 16. Bxc4 Rxc4 17. f5 e5 18. Nde2 Nf6 19. Bg5 Nxe4 20. Nxe4 Bxe4 21. f6 Bxf6 22. Bxf6 gxf6 23. b3 Rc6 24. Ng3 Bg6 25. h4 d5 26. Nf5 Qd7 27. g4 Kh8 28. Kh2 Bxf5 29. Rxf5 Rg8 30. Qf2 Rxg4 31. Rxf6 Rxf6 32. Qxf6+ Kg8 33. Rg1 Rxg1 34. Kxg1 Qg4+ 35. Kh1 Qd1+ 36. Kg2 Qxc2+ 37. Kf1 Qd1+ 38. Kf2 Qd2+ 39. Kg1 Qe3+ 40. Kg2 Qe4+ 41. Kh3 Qg6 42. Qd8+ Kg7 43. Kh2 d4 44. Qe7 Qf6 45. Qb7 Qxh4+ 46. Kg2 d3 47. Qf3 e4 48. Qe3 Qg4+ 49. Kf2 Qe2+ 50. Qxe2 dxe2 51. Kxe2 f5 0-1